Rajnaitik tattva aru rajniti bijnanar mul dharanasamuh (Record no. 311)

MARC details
000 -LEADER
fixed length control field 00588cam a2200193ua 4500
008 - FIXED-LENGTH DATA ELEMENTS--GENERAL INFORMATION
fixed length control field 110330n ii |||gr||||Z||||||asm
040 ## - CATALOGING SOURCE
Transcribing agency MAIN
082 ## - DEWEY DECIMAL CLASSIFICATION NUMBER
Classification number 320.011
245 1# - TITLE STATEMENT
Title Rajnaitik tattva aru rajniti bijnanar mul dharanasamuh
Statement of responsibility, etc. byApurba Kumar Boruah
250 ## - EDITION STATEMENT
Edition statement 3rd.
260 ## - PUBLICATION, DISTRIBUTION, ETC.
Place of publication, distribution, etc. Guwahati:
Name of publisher, distributor, etc. Purbanchal prakash,
Date of publication, distribution, etc. Author.
300 ## - PHYSICAL DESCRIPTION
Extent 252p:5cm.
700 ## - ADDED ENTRY--PERSONAL NAME
Personal name Boruah, Apurba Kumar.,
Relator term
942 ## - ADDED ENTRY ELEMENTS (KOHA)
Koha item type Books
653 ## - INDEX TERM--UNCONTROLLED
Uncontrolled term Political science
653 ## - INDEX TERM--UNCONTROLLED
Uncontrolled term Political theory and political concepts
653 ## - INDEX TERM--UNCONTROLLED
Uncontrolled term rajnaitik tattwa aru rajniti bigyanar mul dharanahomuh
Holdings
Withdrawn status Lost status Damaged status Not for loan Home library Current library Shelving location Date acquired Total Checkouts Full call number Barcode Date last seen Copy number Price effective from Koha item type Date last checked out
        Central Library, Naharkatiya College Central Library, Naharkatiya College   19/09/2020   320.011 | BAR 351 19/09/2020 2 19/09/2020 Books  
        Central Library, Naharkatiya College Central Library, Naharkatiya College   19/09/2020   320.011 | BAR 353 19/09/2020 1 19/09/2020 Books  
        Central Library, Naharkatiya College Central Library, Naharkatiya College   19/09/2020   320.011 | BAR 355 19/09/2020 5 19/09/2020 Books  
        Central Library, Naharkatiya College Central Library, Naharkatiya College   19/09/2020 1 320.011 | BAR 356 25/03/2021 3 19/09/2020 Books 25/02/2021
        Central Library, Naharkatiya College Central Library, Naharkatiya College   19/09/2020   320.011 | BAR 357 19/09/2020 4 19/09/2020 Books  

Naharkatiya College © 2020. All rights reserved.

Powered By